connaissez-vous pokemon - Statistiques

Statistiques générales
  • Ce quiz a été pris 166 fois
    151 depuis la dernière actualisation
  • Le résultat moyen est 21 sur 40
Statistiques - réponses
indice pokemon % Correct
le premier pokemon dans le pokédex bulbizarre
99%
à combien se termine la 1er Génération 151
92%
polichombre évolue en ... branette
86%
munna évolue en ... mushana
81%
de quel type est tropius plante vol
80%
l'évolution d'évoli de type feu pyroli
80%
l'évolution d'évoli de type eau aquali
79%
l'évolution d'évoli de type psy mentali
79%
l'évolution d'évoli de type ténébre noctali
79%
l'évolution d'évoli de type foudre voltali
78%
l'évolution d'évoli de type glace givrali
77%
skelénox évolue en ... téraclope
76%
l'évolution d'évoli de type fée nymphali
75%
quel est le premier pokemon de la 7ème Génération brindibou
72%
ouvrifier évolue en ... bétochef
69%
à combien se termine la 2eme Génération 251
67%
l'évolution d'évoli de type plante phylalli
57%
quel est le pokemon le plus lourd cosmovum
55%
quel pokemon est feu vol flambusard
53%
quel est le 203ème pokemon (normal psy) girafarig
53%
à combien se termine la 4eme Génération 493
47%
quel est le pokemon le plus lourd bamboiselle
43%
quel est le pokemon le plus leger cosmog
43%
à combien se termine la 3eme Génération 386
42%
à combien se termine la 7eme Génération 807
41%
à combien se termine la 6eme Génération 721
40%
quel pokemon à 4 formes (si on compte la normal) deoxys
37%
à combien se termine la 5eme Génération 649
35%
dernier pokemon dans le pokédex zeraora
34%
quel est le pokemon le plus leger fantominus
31%
quel pokemon est roche acier ama-ama
24%
quel pokemon à 4 formes (si on compte la normal) necrozma
22%
quel est le pokemon le plus leger spectrum
20%
quel est le 59eme pokemon arcanin
19%
quel est le pokemon le plus leger flabébé
19%
quel est le 804eme pokemon mandrillon
19%
quel est le pokemon le plus leger katagami
18%
qui est le 654eme pokemon roussil
18%
quel est le 674eme pokemon pandespiègle
10%
quel est le 549eme pokemon fragilady
8%
Aucun quiz correspondant
Distribution des résultats
% des personnes avec chaque résultat
Percentile par nombre de réponses
Votre historique - résultats
Vous n’avez pas pris ce quiz depuis la dernière actualisation